000 00742cam a22002657a 4500
003 CHAP
005 20220329140302.0
008 971013s1917 r 00010 d
010 _a49761
011 _a50733
035 _a54883
040 _cCHAP
082 _a635.977
_bR6
100 0 0 _aRock, Joseph F.
_998219
245 1 4 _aThe ornamental trees of Hawaii
260 _aHonolulu :
_b(s.e.),
_c1917
300 _a210 p.
_b: ilus.
590 _aBATCH-UPD
_b10
_c20130110
_lUCH01
_h0615
590 _aBATCH-UPD
_b10
_c20170620
_lUCH01
_h0912
590 _aCONVERSION
_b10
_c20130109
_lUCH01
_h1327
650 1 4 _aÁrboles ornamentales.
_96693
901 _aBK
942 _cLIBRO
949 _a635.977 R6
_bBC
_cBPA
_d-120807
_eBPA
_h32988
_i54883
_si
999 _c49761
_d49761